Memoria del II Congreso Internacional de la Viña y el Vino : celebrado en Barcelona del 22 al 30 de octubre de 1929 : Volumen I. celebrado en Barcelona del 22 al 30 de octubre de 1929 :
Descripción Física:
384 p. ; 26 cm
MARC
| LEADER | 00000nam a2200000Ia 4500 | ||
|---|---|---|---|
| 001 | 15704 | ||
| 008 | 160829s1934 xx 000 0 cat d | ||
| 080 | |a C-2-315 | ||
| 100 | |a Congreso Internacional de la Viña y el Vino (2n : 1929, 22-30 octubre : Barcelona) |9 37224 | ||
| 245 | |a Memoria del II Congreso Internacional de la Viña y el Vino : |b celebrado en Barcelona del 22 al 30 de octubre de 1929 : |b Volumen I. | ||
| 260 | |a Madrid : |b Bolaños y Aguilar, |c 1934 | ||
| 300 | |a 384 p. ; |c 26 cm | ||
| 650 | |a Vinya |x Congressos |9 37225 | ||
| 650 | |a Vi |x Congressos |9 37226 | ||
| 901 | |a Arxiu | ||
| 942 | |n 1 | ||
| 952 | |0 0 |1 0 |4 0 |6 C2315 |7 1 |9 47754 |a Arxiu |b Arxiu |d 2016-12-01 |l 0 |o C-2-315 |p 15704 |r 2016-12-01 00:00:00 |w 2016-12-01 |y ARXIU | ||
| 999 | |c 51553 |d 51553 | ||